Statistics for Asian Geography by Letter - B

Click here to take the quiz!

General Stats

  • This quiz has been taken 92 times
    (91 since last reset)
  • The average score is 19 of 20

Answer Stats

HintAnswer% Correct
Capital of IraqBaghdad
100%
Capital of ThailandBangkok
100%
Capital of ChinaBeijing
100%
Country with a dragon on its flagBhutan
99%
Island country in the Persian GulfBahrain
98%
Capital of LebanonBeirut
96%
Country located on the above islandBrunei
96%
Ancient city in Mesopotamia famous for its hanging gardensBabylon
95%
Bay to the east of IndiaBay of Bengal
95%
Eighth most populous country in the worldBangladesh
94%
Strait that separates Russia and AlaskaBering Strait
94%
Island divided between three countriesBorneo
94%
Capital of AzerbaijanBaku
93%
Birthplace of JesusBethlehem
92%
Deepest lake in the world, located in RussiaLake Baikal
92%
The tallest building in the worldBurj Khalifa
91%
Capital of KyrgyzstanBishkek
87%
Capital of the above countryBandar Seri Begawan
81%
Strait in Turkey that separates Asia from EuropeBosporus
80%
Third-largest city in IndiaBangalore
73%

Score Distribution

Percentile by Number Answered

Percent of People with Each Score

Your Score History

You have not taken this quiz since the last reset